Bachelors' loved gifts in Stardew Valley - Statistics

General Stats
  • This quiz has been taken 39 times
  • The average score is 10 of 12
Answer Stats
Villager Loved Gift % Correct
Sebastian Frozen Tear, Pumpkin Soup, Sashimi...
97%
Shane Beer, Hot Pepper, Pepper Poppers...
93%
Haley Coconut, Fruit Salad, Pink Cake...
93%
Harvey Coffee, Pickles, Wine, Truffles...
90%
Emily All gems, Cloth, Survival Burger, Wool
86%
Abigail Amethyst, Blackberry Cobbler, Pumpkin...
86%
Leah Salad, Goat Cheese, Stir Fry, Wine...
86%
Maru Battery Pack, Pepper Poppers, Strawberry...
83%
Sam Cactus Fruit, Pizza, Tigerseye...
83%
Elliott Crab Cakes, Duck Feathers, Lobster...
83%
Alex Complete Breakfast, Salmon Dinner
76%
Penny Emerald, Melon, Poppy, Poppyseed Muffin...
72%
No matching quizzes found
Score Distribution
Percent of People with Each Score
Percentile by Number Answered
Your Score History
You have not taken this quiz